| 000 | 02850nab a2200265 i 4500 | ||
|---|---|---|---|
| 003 | BR-BrBNA | ||
| 005 | 20250130143847.0 | ||
| 008 | 250130b2012 bl.qr|pooa||| 00| 0 por | | ||
| 040 |
_aBR-BrBNA _bpor |
||
| 072 | _aF70 | ||
| 100 | _aMancinelli, Werner Siebje | ||
| 100 | _aSmidt, Eric de Camargo | ||
| 245 | _aO gênero Bulbophyllum (Orchidaceae) na Região Sul do Brasil | ||
| 500 | _aPublicação on-line; 19 ref.; 3 illus.; Summaries (En, Pt) | ||
| 520 | _a Resumo Bulbophyllum Thouars possui distribuição pantropical, somando 1.200 espécies. Na região neotropical ocorrem ca. 70 espécies, a maioria no Brasil. A meta do trabalho foi realizar o estudo taxonômico de Bulbophyllum no sul do Brasil. Para isso realizou-se descrições, ilustrações, coletas e análise de exsicatas. No total foram encontradas 16 espécies, Bulbophyllum atropurpureum, B. chloroglossum, B. dusenii, B. epiphytum, B. gladiatum, B. glutinosum, B. granulosum, B. malachadenia, B. mentosum, B. meridense, B. micranthum, B. napelli, B. peri, B. plumosum, B. regnellii, B. tripetalum e um novo híbrido natural aqui descrito. Áreas de maior diversidade constituem-se no Cerrado da Escarpa Devoniana e na Mata Atlântica dos Vales do Ribeira e do Itajaí. Um novo sinônimo é proposto, sendo B. dacruzii sinonimizado sob B. peri. Palavras-chave: Cerrado, Dendrobiinae, híbrido novo, Mata Atlântica, taxonomia. Abstract Bulbophyllum Thouars has 1,200 species with pantropical distribution. In the Neotropical region occurring ca. 70 species, mostly in Brazil. The aim was the taxonomic study of Bulbophyllum in southern Brazil. The analysis of herbarium specimens, field collections, descriptions and illustrations were made for this study. In total 16 species from four Neotropical sections were found: Bulbophyllum atropurpureum, B. chloroglossum, B. dusenii, B. epiphytum, B. gladiatum, B. glutinosum, B. granulosum, B. malachadenia, B. mentosum, B. meridense, B. micranthum, B. napelli, B. peri, B. plumosum, B. regnellii, B. tripetalum and a new natural hybrid, described here. Areas of highest diversity are in the “Escarpa Devoniana” of Cerrado and Atlantic Forest in the Ribeira and Itajaí Valleys. A new synonym is proposed, B. dacruzii synonymized under B. peri. Key words: Cerrado, Dendrobiinae, new hybrid, Atlantic Forest, taxonomy. | ||
| 650 | _aCERRADO | ||
| 650 | _aORCHIDACEAE | ||
| 650 | _aHÍBRIDO | ||
| 650 | _aTAXONOMIA | ||
| 650 | _aMATA ATLÂNTICA | ||
| 773 | 0 |
_0709 _9348179 _dRio de Janeiro-RJ Jardim Botanico do Rio de Janeiro 1935 _o2025-0668 _tRodriguésia (Brazil) _x0370-6583; 2175-7860 on-line _gv. 63(4) p. 803-815; (2012) _wBR2024002988 |
|
| 856 | _uhttps://www.scielo.br/j/rod/a/fsxVTbPKHNBDyxXVjrq3dZx/?format=pdf&lang=pt | ||
| 942 | _cANA | ||
| 999 |
_c329750 _d329750 |
||